| 000 | 00417nam a2200181Ia 4500 | ||
|---|---|---|---|
| 005 | 20250423101502.0 | ||
| 008 | 250422s9999 xx 000 0 und d | ||
| 020 | _a9780693404 | ||
| 050 | _aPR 9387 .9 .U825 V55/ | ||
| 100 | _aUsman, Adamu Kyuka | ||
| 245 | 4 | _aThe village tradesman | |
| 260 | _aKaduna | ||
| 260 | _b Britek Press | ||
| 260 | _c2009 | ||
| 300 | _a210 p | ||
| 650 | _aLiterature | ||
| 942 | _cBK | ||
| 999 |
_c36425 _d36425 |
||